000 01655cam a2200337 a 4500
999 _c24292
_d24292
001 15380718
003 OSt
005 20170128104210.0
008 080724s2008 nyua b 000 0 eng
010 _a 2008033017
015 _aGBA906064
_2bnb
016 7 _a014883437
_2Uk
020 _a9781588392893 (Metropolitan Museum of Art (pbk.))
020 _a1588392899 (Metropolitan Museum of Art (pbk.))
020 _a9780300145441 (Yale University Press (pbk.))
020 _a0300145446 (Yale University Press (pbk.))
035 _a(OCoLC)ocn237788723
040 _aDLC
_cDLC
_dC#P
_dBWX
_dYDXCP
_dUKM
_dDLC
050 0 0 _aND623.D8
_bC48 2008
082 0 0 _a759.5
_222
100 1 _aChristiansen, Keith.
245 1 0 _aDuccio and the origins of western painting /
_cKeith Christiansen.
260 _aNew York :
_bMetropolitan Museum of Art ;
_aNew Haven :
_bYale University Press,
_cc2008.
300 _a61 p. :
_bill. (chiefly col.) ;
_c28 cm.
500 _a"Reprint of The Metropolitan Museum of Art bulletin (Summer, 2008)"--T.p. verso.
504 _aIncludes bibliographical references (p. 60).
600 0 0 _aDuccio,
_cdi Buoninsegna,
_d-1319?
_xCriticism and interpretation.
730 0 _aBulletin of the Metropolitan Museum of Art.
_nSummer 2008.
906 _a7
_bcbc
_corignew
_d1
_eecip
_f20
_gy-gencatlg
942 _2lcc
_cBOOKS
_hND 623 .D8C48 2008